000 01679pam a2200385 a 4500
001 2788830
003 BJBSDDR
005 20250806120557.0
007 ta
008 811223s1982 nyua b 001 0 eng
010 _a 81021917
020 _a0531098621
020 _a9780531098622
020 _a0531056414
020 _a9780531056417
040 _aDLC
_cDLC
_dDLC
_beng
041 _aeng
050 1 4 _aD 804.34
_bB344h 1982
082 0 0 _a940.53/15/03924
100 1 _aBauer, Yehuda,
_d1926-2024
_911315
245 1 2 _aA history of the Holocaust /
_cYehuda Bauer with the assistance of Nili Keren. New York : F. Watts, c1982.
260 _aNew York :
_bF. Watts,
_cc1982.
300 _a398 pages :
_billustrations ;
_c23 cm.
500 _aIncludes index.
504 _aBibliography: pages [371]-380.
505 0 _aWho are the Jews? Liberalism, emancipation, and antisemitism World War I and its aftermath The Weimar Republic The evolution of Nazi Jewish policy, 1933-1938 German Jewry in the prewar era, 1933-1938 Poland-The siege begins Life in the ghettoes The "final solution" West European Jewry, 1940-1944 Resistance Rescue The last years of the holocaust, 1943-1945 Aftermath and revival
520 _aReviews the history of the Jewish people, the development of anti-Semitism, and describes the horrors of the Holocaust
650 4 _aHolocaust, Jewish (1939-1945)
650 4 _aHolocausto judío (1939-1945)
_9235
650 0 _aJews
_xHistory
_y1789-1945.
650 4 _aJudíos
_xHistoria
_y1789-1945
_93487
700 1 _aKeren, Nili
_942833
_econtributor
906 _a7
_bcbc
_corignew
_d1
_eocip
_f19
_gy-gencatlg
942 _2lcc
_cBK
999 _c123928
_d123928